000
00227 a2200097 4500
001
34691
100
_a
Blackwall J A
245
_a
Making Defense Reforms Ware
260
_a
New york
_b
Brassey's (US) I
_c
090
_c
22974
_d
22974
942
_a
NUST-CAE
_c
M
_c
14418
999
_c
269764
_d
269764